La educación de la Colonia a la República : el Colegio de San Luis Gonzaga y el Instituto Literario de Zacatecas (1754-1854) /

Investigación histórica sobre dos establecimientos educativos de la ciudad de Zacatecas, el Colegio de San Luis Gonzaga y el Instituto Literario, durante la segunda mitad del siglo XVIII y la primera mitad del XIX. La autora centra su análisis en los elementos institucionales, financieros, los conte...

Fuld beskrivelse

Guardado en:
Bibliografiske detaljer
Hovedforfatter: Ríos Zúñiga, Rosalina (autor)
Format: Bog
Sprog:spansk
Udgivet: México : Zacatecas, México : UNAM, Centro de Estudios sobre la Universidad ; Ayuntamiento de Zacatecas, 2002, c2002
Serier:(La Real Universidad de México ; 14)
Fag:
Tags: Tilføj Tag
Ingen Tags, Vær først til at tagge denne postø!

MARC

LEADER 00000nam^a2200000^a^4500
001 000136983
005 20250521000000.0
009 20260310095336.855
020 |a 968-36-9486-1 
037 |a Acervo ITESO - Biblioteca 
041 |a ESP 
082 |a 972. 432  |b RIO 
100 |a Ríos Zúñiga, Rosalina  |e (autor) 
245 1 3 |a La educación de la Colonia a la República :  |b el Colegio de San Luis Gonzaga y el Instituto Literario de Zacatecas (1754-1854) /  |c R. Ríos Zúñiga ; presen. de José Enciso Contreras. 
264 4 |a México :  |b UNAM, Centro de Estudios sobre la Universidad ;  |a Zacatecas, México :  |b Ayuntamiento de Zacatecas,  |c 2002, c2002 
300 |a 262 p. 
336 |a texto  |b txt  |2 rdacontenido 
337 |a sin mediación  |b n  |2 rdamedio 
338 |a volumen  |b nc  |2 rdasoporte 
440 4 |a (La Real Universidad de México ;  |v 14) 
520 |a Investigación histórica sobre dos establecimientos educativos de la ciudad de Zacatecas, el Colegio de San Luis Gonzaga y el Instituto Literario, durante la segunda mitad del siglo XVIII y la primera mitad del XIX. La autora centra su análisis en los elementos institucionales, financieros, los contenidos curriculares y los cambios que esas instituciones sufrieron en esos momentos, para dar cuenta del tránsito de un colegio auspiciado por la Compañía de Jesús a un plantel de educación pública. 
649 |a XX 
650 |a Universidades -  |z Zacatecas (Ciudad) -  |x Historia 
650 |a Universidades -  |z México -  |x Historia 
650 |a Instituciones Educativas -  |z Zacatecas (Ciudad) -  |x Historia 
650 |a Instituciones Educativas -  |z México -  |x Historia 
650 |a Financiamiento de la Educación -  |z Zacatecas (Ciudad) -  |x Historia 
650 |a Financiamiento de la Educación -  |z México -  |x Historia 
650 |a Recursos Educacionales -  |z Zacatecas (Ciudad) -  |x Historia 
650 |a Recursos Educacionales -  |z México -  |x Historia 
650 |a Educación Superior -  |z Zacatecas (Ciudad) -  |x Historia 
650 |a Educación Pública -  |z Zacatecas (Ciudad) -  |x Historia 
650 |a Educación Superior -  |z México -  |x Historia 
650 |a Educación Pública -  |z México -  |x Historia 
650 |a Jesuitas en la Educación -  |z Zacatecas (Ciudad) -  |x Historia 
650 |a Jesuitas en la Educación -  |z México -  |x Historia 
650 |a Iglesia y Educación -  |z Zacatecas (Ciudad) -  |x Historia 
650 |a Iglesia y Educación -  |z México -  |x Historia 
650 |a Zacatecas (Ciudad) -  |x Historia -  |y Virreinato, 1535-1821 
650 |a Zacatecas (Ciudad) -  |x Historia -  |y Epoca Colonial, 1517-1821 
650 |a Zacatecas (Ciudad) -  |x Historia -  |y Regencia e Imperio, 1821-1823 
650 |a Zacatecas (Ciudad) -  |x Historia -  |y Poder Ejecutivo, 1823-1824 
650 |a Zacatecas (Ciudad) -  |x Historia -  |y Federalismo y Centralismo, 1824-1853 
650 |a Zacatecas (Ciudad) -  |x Historia -  |y Siglo XVIII 
650 |a Zacatecas (Ciudad) -  |x Historia -  |y Siglo XIX 
650 |a México -  |x Historia -  |y Virreinato, 1535-1821 
650 |a México -  |x Historia -  |y Epoca Colonial, 1517-1821 
650 |a México -  |x Historia -  |y Regencia e Imperio, 1821-1823 
650 |a México -  |x Historia -  |y Poder Ejecutivo, 1823-1824 
650 |a México -  |x Historia -  |y Federalismo y Centralismo, 1824-1853 
650 |a México -  |x Historia -  |y Siglo XVIII 
650 |a México -  |x Historia -  |y Siglo XIX 
910 |a Fondo General 
920 |a Impresos - Libros 
930 |a Colección General 
905 |a 101 
901 |a 0500065748  |b IT1  |c ACC  |u 20250521 
902 |a https://opac.biblio.iteso.mx/vufind/Record/000136983